000 00448cam a2200157ua 4500
020 _a8186011358
082 _a378.1662
_bBRO/HOW
100 _aBrownstein, Samuel C .
_91591
100 _aWeiner, Mitchel .
_91592
100 _aGreen, Sharon weiner .
_91593
245 _aHow to Prepare for the GRE: Graduate Record Examination /
250 _a11 /
260 _aNew Delhi :
_bGalgolia Book House ,
_c1997.
300 _a631 ; .
942 _cREF
999 _c8058
_d8058